Statystyki dla Składniki śniadania angielskiego

Kliknij tutaj aby rozwiązać quiz!

Ogólne statystyki

  • Ten quiz został rozwiązany 4 995 razy
  • Średni wynik to 5 z 8

Statystyki odpowiedzi

Jedznie% Poprawnych
Jajka
94%
Pieczony chleb
81%
Bekon
75%
Fasola
68%
Kiełbasa
66%
Pieczony pomidor
48%
Pieczarki
22%
Kaszanka
13%

Rozkład punktacji

Percentyl według liczby udzielonych odpowiedzi

Procent ludzi z każdym wynikiem

Twoja historia wyników

Nie rozwiązałeś tego quizu